| 000 | 00467pab a2200169 454500 | ||
|---|---|---|---|
| 008 | 180718b2015 xxu||||| |||| 00| 0 eng d | ||
| 100 | _aTumbe, Chinmay | ||
| 245 | _aMissing men, migration and labour markets: evidence from India | ||
| 260 | _c2015 | ||
| 300 | _ap.245-267. | ||
| 362 | _aApr-Jun | ||
| 650 | _aMigration - India | ||
| 650 | _alabour market - India | ||
| 650 | _aLabour market | ||
| 773 | _aIndian Journal of Labour Economics | ||
| 909 | _a111175 | ||
| 999 |
_c111170 _d111170 |
||